[Event "Montreal Mercredi 05"]
[Site "Montreal CAN"]
[Date "2007.06.06"]
[Round "4"]
[White "Katch, Gary"]
[Black "Teasdale, Alain"]
[Result "0-1"]
[WhiteElo "1746"]
[BlackElo "1627"]
[PlyCount "62"]
[GameId "2160767910684476"]
[EventDate "2007.05.16"]
[EventType "swiss"]
[EventRounds "6"]
[EventCountry "CAN"]
[SourceTitle "EXT 2022"]
[Source "ChessBase"]
[SourceDate "2021.10.06"]
[SourceVersion "1"]
[SourceVersionDate "2021.10.06"]
[SourceQuality "1"]

1. e4 c5 2. c3 Nf6 3. e5 Nd5 4. d4 cxd4 5. Qxd4 e6 6. Bc4 Nc6 7. Qe4 Nb6 8. Bb3 d5 9. Qe2 Be7 10. Nf3 a5 11. a4 Nd7 12. O-O b6 13. Bf4 Nc5 14. Bc2 Ba6 15. Qe3 Bxf1 16. Kxf1 O-O 17. Na3 Nd7 18. Nb5 Bc5 19. Nfd4 Nxd4 20. cxd4 Bb4 21. Qh3 f5 22. exf6 Nxf6 23. Nc7 Rc8 24. Nxe6 Qe7 25. Bd3 Rfe8 26. Bf5 Rc6 27. Bg5 Rxe6 28. Bxh7+ Kf8 29. g3 Re1+ 30. Rxe1 Qxe1+ 31. Kg2 Nxh7 0-1

[Event "Montreal Mercredi 05"]
[Site "Montreal CAN"]
[Date "2007.06.06"]
[Round "4"]
[White "Millette, Sylvain"]
[Black "Noriega, Harold"]
[Result "1/2-1/2"]
[WhiteElo "1655"]
[BlackElo "1740"]
[PlyCount "54"]
[GameId "2160767910684477"]
[EventDate "2007.05.16"]
[EventType "swiss"]
[EventRounds "6"]
[EventCountry "CAN"]
[SourceTitle "EXT 2022"]
[Source "ChessBase"]
[SourceDate "2021.10.06"]
[SourceVersion "1"]
[SourceVersionDate "2021.10.06"]
[SourceQuality "1"]

1. Nf3 Nf6 2. g3 d5 3. Bg2 g6 4. O-O Bg7 5. d4 O-O 6. Bf4 Nh5 7. Bd2 c5 8. c3 cxd4 9. cxd4 Nc6 10. e3 Bg4 11. Bc3 Qd7 12. Nbd2 Rac8 13. Rc1 Rfd8 14. Qc2 Bh3 15. Qd3 Bxg2 16. Kxg2 Nf6 17. Rc2 Ne8 18. Rfc1 Nd6 19. b3 e6 20. Ne5 Nxe5 21. dxe5 Nb5 22. Bb2 a6 23. Nf3 Rxc2 24. Qxc2 Na7 25. Qc7 Nc6 26. Qxd7 Rxd7 27. Bd4 Bf8 1/2-1/2

[Event "Montreal Mercredi 05"]
[Site "Montreal CAN"]
[Date "2007.06.06"]
[Round "4"]
[White "Regnier, Alain"]
[Black "Boulay, David"]
[Result "1-0"]
[WhiteElo "2091"]
[BlackElo "2131"]
[PlyCount "49"]
[GameId "2160767910684478"]
[EventDate "2007.05.16"]
[EventType "swiss"]
[EventRounds "6"]
[EventCountry "CAN"]
[SourceTitle "EXT 2022"]
[Source "ChessBase"]
[SourceDate "2021.10.06"]
[SourceVersion "1"]
[SourceVersionDate "2021.10.06"]
[SourceQuality "1"]

1. e4 c5 2. g3 Nc6 3. Bg2 g6 4. Ne2 Bg7 5. c3 b6 6. d4 Ba6 7. d5 Ne5 8. f4 Nd3+ 9. Kf1 Nxc1 10. Qxc1 d6 11. Na3 Nh6 12. c4 O-O 13. Bf3 Rb8 14. Nc3 f5 15. Kg2 fxe4 16. Nxe4 Bc8 17. Nb5 Qd7 18. Ng5 a6 19. Nc3 b5 20. cxb5 axb5 21. Ne6 Rf6 22. Re1 Qe8 23. Ne4 Rf7 24. Nxg7 Rxg7 25. Nf6+ 1-0

[Event "Montreal Mercredi 05"]
[Site "Montreal CAN"]
[Date "2007.06.06"]
[Round "4"]
[White "Sekki, Abderaouf"]
[Black "Beladel, Brahim"]
[Result "0-1"]
[WhiteElo "1644"]
[BlackElo "1694"]
[PlyCount "83"]
[GameId "2160767910684479"]
[EventDate "2007.05.16"]
[EventType "swiss"]
[EventRounds "6"]
[EventCountry "CAN"]
[SourceTitle "EXT 2022"]
[Source "ChessBase"]
[SourceDate "2021.10.06"]
[SourceVersion "1"]
[SourceVersionDate "2021.10.06"]
[SourceQuality "1"]

1. d4 Nf6 2. c4 e6 3. Nf3 b6 4. e3 Bb7 5. Be2 d5 6. O-O Bd6 7. Nc3 Nbd7 8. b3 Ne4 9. Bb2 O-O 10. Rc1 dxc4 11. Bxc4 a6 12. Nxe4 Bxe4 13. Bd3 Bb7 14. e4 Bf4 15. Rc2 Nf6 16. Re1 Re8 17. Nd2 c5 18. e5 Bxd2 19. Qxd2 Nd7 20. Rec1 Qh4 21. g3 Qh3 22. Bf1 Qf5 23. Bg2 Bxg2 24. Kxg2 Rad8 25. Qe3 h5 26. h4 Qg4 27. a4 a5 28. Qf3 Qxf3+ 29. Kxf3 Rc8 30. Ke3 Rc6 31. f4 Rec8 32. Kd3 Kf8 33. Ba3 Ke8 34. dxc5 bxc5 35. b4 axb4 36. Bxb4 Rb6 37. Be1 Rb3+ 38. Kc4 Rcb8 39. a5 Ra3 40. Rd1 Ra4+ 41. Kd3 Rb3+ 42. Rc3 0-1

[Event "Montreal Mercredi 05"]
[Site "Montreal CAN"]
[Date "2007.06.06"]
[Round "4"]
[White "Tessier, Olivier"]
[Black "Poirier, Erik"]
[Result "1-0"]
[WhiteElo "2077"]
[BlackElo "2016"]
[PlyCount "67"]
[GameId "2160767910684480"]
[EventDate "2007.05.16"]
[EventType "swiss"]
[EventRounds "6"]
[EventCountry "CAN"]
[SourceTitle "EXT 2022"]
[Source "ChessBase"]
[SourceDate "2021.10.06"]
[SourceVersion "1"]
[SourceVersionDate "2021.10.06"]
[SourceQuality "1"]

1. e4 c5 2. Nf3 Nc6 3. d4 cxd4 4. Nxd4 Nf6 5. Nc3 e5 6. Ndb5 d6 7. Bg5 a6 8. Na3 b5 9. Bxf6 gxf6 10. Nd5 Bg7 11. c3 f5 12. g4 fxe4 13. Bg2 O-O 14. Bxe4 Qh4 15. Ne3 Bb7 16. Nf5 Qg5 17. Qf3 b4 18. Nc4 d5 19. Bxd5 e4 20. Bxe4 bxc3 21. bxc3 Ne5 22. Nxe5 Bxe4 23. Qxe4 Bxe5 24. O-O Bxc3 25. h4 Qf6 26. Rac1 Rae8 27. Qf3 Rc8 28. g5 Qe5 29. Rfd1 f6 30. Rd7 fxg5 31. Nh6+ Kh8 32. Nf7+ Rxf7 33. Qxf7 Qe4 34. Rxc3 1-0

[Event "Montreal Mercredi 05"]
[Site "Montreal CAN"]
[Date "2007.06.14"]
[Round "5"]
[White "Beladel, Brahim"]
[Black "Katch, Gary"]
[Result "0-1"]
[WhiteElo "1694"]
[BlackElo "1746"]
[PlyCount "40"]
[GameId "2160767910684481"]
[EventDate "2007.05.16"]
[EventType "swiss"]
[EventRounds "6"]
[EventCountry "CAN"]
[SourceTitle "EXT 2022"]
[Source "ChessBase"]
[SourceDate "2021.10.06"]
[SourceVersion "1"]
[SourceVersionDate "2021.10.06"]
[SourceQuality "1"]

1. e4 d5 2. exd5 Nf6 3. c4 c6 4. dxc6 Nxc6 5. Nf3 e5 6. d3 e4 7. dxe4 Qxd1+ 8. Kxd1 Nxe4 9. Be3 Bg4 10. Bd3 O-O-O 11. Ke2 Nc5 12. Rd1 Nb4 13. Bxc5 Bxc5 14. Nc3 Rhe8+ 15. Be4 f5 16. Rxd8+ Kxd8 17. Rd1+ Kc8 18. h3 fxe4 19. hxg4 exf3+ 20. Kxf3 Rf8+ 0-1

[Event "Montreal Mercredi 05"]
[Site "Montreal CAN"]
[Date "2007.06.14"]
[Round "5"]
[White "Boulay, David"]
[Black "Tessier, Olivier"]
[Result "0-1"]
[WhiteElo "2131"]
[BlackElo "2077"]
[PlyCount "58"]
[GameId "2160767910684482"]
[EventDate "2007.05.16"]
[EventType "swiss"]
[EventRounds "6"]
[EventCountry "CAN"]
[SourceTitle "EXT 2022"]
[Source "ChessBase"]
[SourceDate "2021.10.06"]
[SourceVersion "1"]
[SourceVersionDate "2021.10.06"]
[SourceQuality "1"]

1. d4 Nf6 2. c4 e5 3. dxe5 Ne4 4. Nf3 Bb4+ 5. Nbd2 Nc6 6. a3 Nxd2 7. Nxd2 Bc5 8. b4 Bd4 9. Rb1 Bxe5 10. Nf3 Bf6 11. e3 d6 12. Be2 Bf5 13. Bd3 Bxd3 14. Qxd3 O-O 15. O-O a5 16. Rd1 Qe7 17. h3 axb4 18. axb4 Ra4 19. b5 Nd8 20. Bb2 b6 21. Bxf6 Qxf6 22. Nd4 Nb7 23. Ra1 Nc5 24. Qc2 Rfa8 25. Rxa4 Rxa4 26. Qc3 Ra2 27. f3 Qg6 28. Rd2 Qb1+ 29. Kf2 Nd3+ 0-1

[Event "Montreal Mercredi 05"]
[Site "Montreal CAN"]
[Date "2007.06.14"]
[Round "5"]
[White "Landry, Martin"]
[Black "Beland, Stephane"]
[Result "0-1"]
[WhiteElo "1545"]
[BlackElo "1585"]
[PlyCount "67"]
[GameId "2160767910684484"]
[EventDate "2007.05.16"]
[EventType "swiss"]
[EventRounds "6"]
[EventCountry "CAN"]
[SourceTitle "EXT 2022"]
[Source "ChessBase"]
[SourceDate "2021.10.06"]
[SourceVersion "1"]
[SourceVersionDate "2021.10.06"]
[SourceQuality "1"]

1. d4 f5 2. Bg5 g6 3. f3 Bg7 4. e4 fxe4 5. fxe4 d6 6. Nc3 c6 7. Nf3 Qb6 8. Rb1 Bg4 9. Bc4 Nf6 10. O-O e5 11. Be3 Nbd7 12. Qd2 Qc7 13. Ng5 Rf8 14. h3 d5 15. exd5 cxd5 16. Bxd5 Nxd5 17. Nxd5 Qc4 18. dxe5 Rxf1+ 19. Rxf1 Bf5 20. Nxh7 Bxe5 21. b3 Qxc2 22. Qb4 Kf7 23. Qe7+ Kg8 24. Ng5 Bg7 25. Qf7+ Kh8 26. Ne6 Bxe6 27. Qxe6 Nc5 28. Qg4 Re8 29. Qh4+ Kg8 30. Ne7+ Rxe7 31. Qxe7 Ne4 32. Rf4 Nc3 33. Qf7+ Kh8 34. Qxg6 0-1

[Event "Montreal Mercredi 05"]
[Site "Montreal CAN"]
[Date "2007.06.14"]
[Round "5"]
[White "Matheson, Ben"]
[Black "Frangulian, Eric"]
[Result "1-0"]
[WhiteElo "1551"]
[BlackElo "1545"]
[PlyCount "75"]
[GameId "2160767910684486"]
[EventDate "2007.05.16"]
[EventType "swiss"]
[EventRounds "6"]
[EventCountry "CAN"]
[SourceTitle "EXT 2022"]
[Source "ChessBase"]
[SourceDate "2021.10.06"]
[SourceVersion "1"]
[SourceVersionDate "2021.10.06"]
[SourceQuality "1"]

1. e4 e6 2. d4 d5 3. e5 c5 4. c3 Nc6 5. Nf3 Qb6 6. Bd3 Bd7 7. O-O cxd4 8. cxd4 Nxd4 9. Nxd4 Qxd4 10. Nc3 Qxe5 11. Re1 Qd6 12. Nb5 Qb6 13. Be3 Qa5 14. a4 a6 15. Bd2 Qd8 16. Nc3 Be7 17. Qg4 Kf8 18. a5 Nf6 19. Qg3 Rc8 20. h4 Bc6 21. f4 Ne4 22. Nxe4 dxe4 23. Bc3 Rg8 24. Bxe4 Bxe4 25. Rxe4 Bxh4 26. Qh3 h6 27. f5 Rxc3 28. Qxc3 Bf6 29. Qb4+ Qe7 30. fxe6 fxe6 31. Rae1 e5 32. Rf1 Ke8 33. Qc4 Rf8 34. Rd1 g6 35. Rg4 g5 36. Rg3 Bg7 37. Rgd3 Rf4 38. Qc8+ 1-0

[Event "Montreal Mercredi 05"]
[Site "Montreal CAN"]
[Date "2007.06.14"]
[Round "5"]
[White "Noriega, Harold"]
[Black "Sekki, Abderaouf"]
[Result "1-0"]
[WhiteElo "1740"]
[BlackElo "1644"]
[PlyCount "148"]
[GameId "2160767910684487"]
[EventDate "2007.05.16"]
[EventType "swiss"]
[EventRounds "6"]
[EventCountry "CAN"]
[SourceTitle "EXT 2022"]
[Source "ChessBase"]
[SourceDate "2021.10.06"]
[SourceVersion "1"]
[SourceVersionDate "2021.10.06"]
[SourceQuality "1"]

1. e4 d6 2. d4 g6 3. Nc3 Bg7 4. Be3 Nf6 5. f3 O-O 6. Qd2 e5 7. Nge2 Nbd7 8. O-O-O c6 9. Kb1 Qc7 10. Bh6 b5 11. Bxg7 Kxg7 12. Nc1 b4 13. Na4 a5 14. g4 Re8 15. h4 Ng8 16. h5 Nf8 17. Bc4 Ba6 18. Bxa6 Rxa6 19. dxe5 dxe5 20. hxg6 fxg6 21. Nd3 Raa8 22. Ndc5 Qe7 23. Qd6 Rac8 24. Nb6 Rc7 25. Nc4 Ra7 26. Qxe7+ Rexe7 27. Rd6 a4 28. Nd3 b3 29. Ndxe5 bxc2+ 30. Kxc2 c5 31. Nc6 Rad7 32. Nxe7 Rxd6 33. Nxd6 Nxe7 34. Nb7 Ne6 35. Kd3 Nc6 36. a3 Ne5+ 37. Ke2 Nd4+ 38. Kf2 Nd3+ 39. Ke3 Nxb2 40. Nxc5 Nc2+ 41. Kf4 Nxa3 42. Nxa4 Nd3+ 43. Kg3 Nc4 44. Nc3 g5 45. Nd5 h6 46. Ra1 Nde5 47. Ra7+ Kg6 48. Ne7+ Kf6 49. Nf5 Nd2 50. Ra6+ Kf7 51. Nxh6+ Kf8 52. Rd6 Nexf3 53. Rf6+ Kg7 54. Rxf3 Nxe4+ 55. Kg2 Kxh6 56. Ra3 Kg6 57. Ra6+ Kf7 58. Kf3 Nf6 59. Ra5 Kg6 60. Re5 Nh7 61. Ke3 Nf6 62. Re6 Kf7 63. Rxf6+ Kxf6 64. Kd4 Ke6 65. Ke4 Kf6 66. Kd5 Kf7 67. Ke5 Kg7 68. Ke6 Kh7 69. Kf7 Kh6 70. Kf6 Kh7 71. Kxg5 Kg7 72. Kh5 Kh7 73. g5 Kg7 74. g6 Kh8 1-0

[Event "Montreal Mercredi 05"]
[Site "Montreal CAN"]
[Date "2007.06.14"]
[Round "5"]
[White "Plante, Michel"]
[Black "Poschmann, Jeremie"]
[Result "1-0"]
[WhiteElo "1955"]
[BlackElo "1852"]
[PlyCount "55"]
[GameId "2160767910684488"]
[EventDate "2007.05.16"]
[EventType "swiss"]
[EventRounds "6"]
[EventCountry "CAN"]
[SourceTitle "EXT 2022"]
[Source "ChessBase"]
[SourceDate "2021.10.06"]
[SourceVersion "1"]
[SourceVersionDate "2021.10.06"]
[SourceQuality "1"]

1. d4 Nf6 2. Nf3 d5 3. e3 Nbd7 4. Nbd2 c5 5. c3 g6 6. Bd3 Bg7 7. Qe2 Qc7 8. O-O O-O 9. b3 Re8 10. Bb2 e5 11. Nxe5 Nxe5 12. dxe5 Qxe5 13. Nf3 Qc7 14. h3 Ne4 15. Rfc1 a6 16. c4 dxc4 17. Rxc4 Nd6 18. Rc2 Bxb2 19. Rxb2 Bf5 20. a4 Bxd3 21. Qxd3 b5 22. Rc2 Red8 23. Qd5 Nc4 24. Qg5 h6 25. Qxh6 Ne5 26. Ng5 c4 27. Qh7+ Kf8 28. Ne6+ 1-0

[Event "Montreal Mercredi 05"]
[Site "Montreal CAN"]
[Date "2007.06.14"]
[Round "5"]
[White "Poirier, Erik"]
[Black "Gilman, Arkadiy"]
[Result "1-0"]
[WhiteElo "2016"]
[BlackElo "2068"]
[PlyCount "49"]
[GameId "2160767910684489"]
[EventDate "2007.05.16"]
[EventType "swiss"]
[EventRounds "6"]
[EventCountry "CAN"]
[SourceTitle "EXT 2022"]
[Source "ChessBase"]
[SourceDate "2021.10.06"]
[SourceVersion "1"]
[SourceVersionDate "2021.10.06"]
[SourceQuality "1"]

1. d4 d5 2. c4 c6 3. Nf3 Nf6 4. Nc3 e6 5. e3 Nbd7 6. Bd3 dxc4 7. Bxc4 b5 8. Bd3 Bb7 9. O-O a6 10. e4 c5 11. d5 c4 12. Bc2 Qc7 13. Nd4 Nc5 14. a3 Be7 15. Qf3 O-O-O 16. Bf4 Qb6 17. Rfd1 Nd3 18. Bxd3 Qxd4 19. Rac1 Qb6 20. Na4 bxa4 21. Rxc4+ Kd7 22. d6 Bxd6 23. Bxd6 Kxd6 24. Rb4 Qxb4 25. axb4 1-0

[Event "Montreal Mercredi 05"]
[Site "Montreal CAN"]
[Date "2007.06.14"]
[Round "5"]
[White "Pregent, Daniel"]
[Black "Torkan, Behnam"]
[Result "1/2-1/2"]
[WhiteElo "1814"]
[BlackElo "1914"]
[PlyCount "111"]
[GameId "2160767910684490"]
[EventDate "2007.05.16"]
[EventType "swiss"]
[EventRounds "6"]
[EventCountry "CAN"]
[SourceTitle "EXT 2022"]
[Source "ChessBase"]
[SourceDate "2021.10.06"]
[SourceVersion "1"]
[SourceVersionDate "2021.10.06"]
[SourceQuality "1"]

1. d4 d5 2. c4 c6 3. Nf3 Nf6 4. e3 Nbd7 5. b3 Qc7 6. Bb2 e6 7. Bd3 Bb4+ 8. Nbd2 Ne4 9. O-O f5 10. a3 Be7 11. Ne5 O-O 12. f3 Nxd2 13. Qxd2 c5 14. Rae1 a5 15. a4 Bd6 16. f4 Nf6 17. Rf3 Ne4 18. Bxe4 dxe4 19. Rg3 Bxe5 20. fxe5 cxd4 21. exd4 f4 22. Rg4 e3 23. Qe2 Qf7 24. Rf1 h5 25. Rgxf4 Qxf4 26. Rxf4 Rxf4 27. Qxe3 Rf5 28. d5 Bd7 29. Ba3 Re8 30. Bd6 Rc8 31. h3 exd5 32. g4 hxg4 33. hxg4 d4 34. Qxd4 Rg5 35. Qd5+ Kh8 36. Qh1+ Kg8 37. Qd5+ Kh7 38. Qxb7 Bxg4 39. Kf2 Rh5 40. Kg3 Bf5 41. Kf4 Kg6 42. Qb6 Rh4+ 43. Kg3 Rg4+ 44. Kf3 Rh8 45. Bc7+ Kf7 46. e6+ Bxe6 47. Qxe6+ Kxe6 48. Kxg4 Ra8 49. Kg5 Ra6 50. c5 Kf7 51. Bb6 g6 52. Kg4 Kf6 53. Kf4 Kg7 54. Kg5 Kh7 55. Kg4 Kh6 56. Kh4 1/2-1/2

[Event "Montreal Mercredi 09"]
[Site "Montreal CAN"]
[Date "2007.09.05"]
[Round "1"]
[White "Cote, Philippe"]
[Black "Landry, Martin"]
[Result "1/2-1/2"]
[WhiteElo "1752"]
[BlackElo "1636"]
[PlyCount "96"]
[GameId "2160767910579368"]
[EventDate "2007.09.05"]
[EventType "swiss"]
[EventRounds "5"]
[EventCountry "CAN"]
[SourceTitle "EXT 2022"]
[Source "ChessBase"]
[SourceDate "2021.10.06"]
[SourceVersion "1"]
[SourceVersionDate "2021.10.06"]
[SourceQuality "1"]

1. e4 c5 2. Nf3 e6 3. d4 cxd4 4. Nxd4 Nf6 5. Nc3 d6 6. Bc4 a6 7. Bb3 Be7 8. O-O Nc6 9. Be3 Na5 10. f4 Nxb3 11. axb3 e5 12. Nde2 Ng4 13. Qd2 Nxe3 14. Qxe3 f6 15. f5 Bd7 16. Nd5 Rc8 17. Nec3 Rc6 18. Qf3 O-O 19. Qe2 Be8 20. g4 Qd7 21. h4 Bd8 22. Rf2 Bb6 23. Nxb6 Rxb6 24. Nd5 Rc6 25. g5 Bf7 26. gxf6 Bxd5 27. fxg7 Rf6 28. exd5 Rc7 29. Qh5 Qf7 30. Qxf7+ Rcxf7 31. Raf1 Kxg7 32. Kg2 Kh6 33. Kh3 Rg7 34. Rg2 Rgf7 35. Rg5 Re7 36. Kg4 b5 37. b4 Rc7 38. c3 Rc4+ 39. Kh3 Re4 40. b3 Re3+ 41. Rg3 Re4 42. Rff3 Re1 43. Rg8 Rh1+ 44. Kg2 Rxh4 45. Ra8 e4 46. Rf1 Rh5 47. Rxa6 Rg5+ 48. Kh3 Rh5+ 1/2-1/2

[Event "Montreal Mercredi 09"]
[Site "Montreal CAN"]
[Date "2007.09.05"]
[Round "1"]
[White "Daoud, Michel"]
[Black "Turcotte, Jonathan"]
[Result "1-0"]
[WhiteElo "1474"]
[BlackElo "1409"]
[PlyCount "111"]
[GameId "2160767910579369"]
[EventDate "2007.09.05"]
[EventType "swiss"]
[EventRounds "5"]
[EventCountry "CAN"]
[SourceTitle "EXT 2022"]
[Source "ChessBase"]
[SourceDate "2021.10.06"]
[SourceVersion "1"]
[SourceVersionDate "2021.10.06"]
[SourceQuality "1"]

1. e4 d6 2. d4 Nf6 3. Nc3 g6 4. Bc4 Bg7 5. Be3 O-O 6. Qd2 c6 7. f4 b5 8. Bb3 a5 9. e5 Ng4 10. a4 b4 11. Ne4 Bb7 12. Nf3 c5 13. Neg5 h6 14. Bg1 hxg5 15. fxg5 dxe5 16. h3 e4 17. Nh4 Ne5 18. dxe5 Qxd2+ 19. Kxd2 Kh7 20. Bxc5 Bxe5 21. Rhf1 Nc6 22. Bxf7 Bg3 23. Bxg6+ Kg7 24. Nf5+ Kxg6 25. Nxg3 Ne5 26. b3 Ba6 27. Rxf8 Rxf8 28. Nxe4 Bb7 29. Ke3 Rc8 30. Rf1 Bxe4 31. Kxe4 Rxc5 32. Kd4 Nd7 33. Rf2 e5+ 34. Ke4 Kxg5 35. Rd2 Nf6+ 36. Kf3 Rc3+ 37. Ke2 e4 38. Rd1 e3 39. Rd3 Ne4 40. Rxc3 Nxc3+ 41. Ke1 Kh4 42. g4 Kg5 43. Kf1 Kf4 44. Ke1 Ne4 45. Ke2 Nf2 46. g5 Kxg5 47. Kxe3 Nd1+ 48. Kd4 Kh4 49. Kc5 Ne3 50. Kb6 Nxc2 51. Kxa5 Kxh3 52. Kb5 Nd4+ 53. Kxb4 Kg4 54. a5 Kf5 55. a6 Ke5 56. Kc5 1-0

[Event "Montreal Mercredi 09"]
[Site "Montreal CAN"]
[Date "2007.09.05"]
[Round "1"]
[White "Forget, Luc"]
[Black "Papineau (Montreal), Daniel"]
[Result "1-0"]
[WhiteElo "1971"]
[BlackElo "1872"]
[PlyCount "63"]
[GameId "2160767910579370"]
[EventDate "2007.09.05"]
[EventType "swiss"]
[EventRounds "5"]
[EventCountry "CAN"]

1. d4 Nf6 2. c4 e6 3. g3 c5 4. Nf3 cxd4 5. Nxd4 d5 6. Bg2 Be7 7. O-O O-O 8. Qc2 Nc6 9. Nxc6 bxc6 10. b3 e5 11. Bb2 Bd6 12. Nc3 Be6 13. Rad1 Rc8 14. Ne4 Nxe4 15. Bxe4 f5 16. Bg2 Qe7 17. Qd2 d4 18. e3 Bb4 19. Qc1 c5 20. f4 dxe3 21. Qxe3 e4 22. g4 Rfd8 23. gxf5 Bxf5 24. Rd5 Rxd5 25. cxd5 c4 26. bxc4 Rxc4 27. Qb3 Qc5+ 28. Kh1 Qxd5 29. Rd1 Qe6 30. Rd8+ Bf8 31. Ba3 Rc8 32. Rxc8 1-0

[Event "Montreal Mercredi 09"]
[Site "Montreal CAN"]
[Date "2007.09.05"]
[Round "1"]
[White "Katch, Gary"]
[Black "Messier, Samuel"]
[Result "1/2-1/2"]
[WhiteElo "1852"]
[BlackElo "1616"]
[PlyCount "74"]
[GameId "2160767910579371"]
[EventDate "2007.09.05"]
[EventType "swiss"]
[EventRounds "5"]
[EventCountry "CAN"]
[SourceTitle "EXT 2022"]
[Source "ChessBase"]
[SourceDate "2021.10.06"]
[SourceVersion "1"]
[SourceVersionDate "2021.10.06"]
[SourceQuality "1"]

1. e4 c6 2. d4 d5 3. exd5 cxd5 4. Bd3 Nc6 5. c3 Nf6 6. Bf4 Bg4 7. Qb3 Qd7 8. Nd2 e6 9. Ngf3 Be7 10. O-O O-O 11. h3 Bh5 12. Rae1 a6 13. Qc2 b5 14. Ne5 Qb7 15. Ndf3 Bg6 16. Nxg6 hxg6 17. Qe2 Rfe8 18. a3 Bf8 19. g4 Rab8 20. Qc2 Rbc8 21. Qb1 a5 22. Re2 b4 23. axb4 axb4 24. Rc1 bxc3 25. bxc3 Qxb1 26. Rxb1 Na5 27. Rc2 Nc4 28. Bxc4 Rxc4 29. Ne5 Rcc8 30. c4 dxc4 31. Rxc4 Rxc4 32. Nxc4 Rd8 33. Be3 Nd5 34. Ne5 Bd6 35. Nc4 Nc3 36. Rb6 Bf8 37. Kf1 Nd5 1/2-1/2

[Event "Montreal Mercredi 09"]
[Site "Montreal CAN"]
[Date "2007.09.05"]
[Round "1"]
[White "Millette, Sylvain"]
[Black "Gauthier, Luc"]
[Result "0-1"]
[WhiteElo "1699"]
[BlackElo "1694"]
[PlyCount "44"]
[GameId "2160767910579373"]
[EventDate "2007.09.05"]
[EventType "swiss"]
[EventRounds "5"]
[EventCountry "CAN"]
[SourceTitle "EXT 2022"]
[Source "ChessBase"]
[SourceDate "2021.10.06"]
[SourceVersion "1"]
[SourceVersionDate "2021.10.06"]
[SourceQuality "1"]

1. Nf3 Nc6 2. g3 e5 3. d3 d5 4. Nc3 Nf6 5. Bg5 Be6 6. Bg2 Be7 7. Bxf6 Bxf6 8. e4 d4 9. Ne2 Qd7 10. a3 Bh3 11. O-O h5 12. c4 h4 13. b4 Bxg2 14. Kxg2 hxg3 15. fxg3 Qh3+ 16. Kh1 g5 17. Rf2 g4 18. Nfg1 Qh6 19. Ra2 Bg5 20. Qf1 Be3 21. Nxd4 Bxf2 22. Nxc6 Qxh2# 0-1

[Event "Montreal Mercredi 09"]
[Site "Montreal CAN"]
[Date "2007.09.05"]
[Round "1"]
[White "Ouimet, Bernard"]
[Black "Courval, Francois"]
[Result "1/2-1/2"]
[WhiteElo "1915"]
[BlackElo "1914"]
[PlyCount "46"]
[GameId "2160767910579374"]
[EventDate "2007.09.05"]
[EventType "swiss"]
[EventRounds "5"]
[EventCountry "CAN"]
[SourceTitle "EXT 2022"]
[Source "ChessBase"]
[SourceDate "2021.10.06"]
[SourceVersion "1"]
[SourceVersionDate "2021.10.06"]
[SourceQuality "1"]

1. e4 c5 2. Nf3 e6 3. d4 cxd4 4. Nxd4 Nc6 5. Nc3 Qc7 6. g3 a6 7. Bg2 b5 8. O-O Bb7 9. Nxc6 dxc6 10. Bf4 e5 11. Be3 Nf6 12. Qe2 Be7 13. Rad1 O-O 14. f4 Rad8 15. f5 Rxd1 16. Rxd1 Rd8 17. g4 Rxd1+ 18. Qxd1 Qd8 19. Qxd8+ Bxd8 20. Bf3 Nd7 21. Ne2 Bb6 22. Kf2 Kf8 23. Nc1 Ke7 1/2-1/2

[Event "Montreal Mercredi 09"]
[Site "Montreal CAN"]
[Date "2007.09.05"]
[Round "1"]
[White "Savard, Alain"]
[Black "Casquero, Herberth"]
[Result "1-0"]
[WhiteElo "1558"]
[BlackElo "1485"]
[PlyCount "86"]
[GameId "2160767910579375"]
[EventDate "2007.09.05"]
[EventType "swiss"]
[EventRounds "5"]
[EventCountry "CAN"]
[SourceTitle "EXT 2022"]
[Source "ChessBase"]
[SourceDate "2021.10.06"]
[SourceVersion "1"]
[SourceVersionDate "2021.10.06"]
[SourceQuality "1"]

1. e4 Nf6 2. Nc3 c5 3. e5 Ng8 4. f4 d6 5. exd6 Qxd6 6. d3 Nf6 7. Be2 Nc6 8. Be3 e6 9. Ne4 Nxe4 10. dxe4 Bd7 11. Qxd6 Bxd6 12. Nf3 O-O 13. Rd1 Nb4 14. Rxd6 Nxc2+ 15. Kf2 Bc6 16. Bd3 Nxe3 17. Kxe3 Rfd8 18. Rxd8+ Rxd8 19. Rc1 Kf8 20. Rxc5 Ke7 21. Ne5 Rd6 22. Nxc6+ Rxc6 23. Rxc6 bxc6 24. Kd4 Kd6 25. e5+ Kc7 26. Kc5 h6 27. h4 f6 28. Be4 Kd7 29. Bxc6+ Ke7 30. Be4 Kd7 31. b4 Kc7 32. Bc6 fxe5 33. fxe5 g5 34. hxg5 hxg5 35. a4 g4 36. b5 g3 37. a5 a6 38. b6+ Kc8 39. Kd6 Kd8 40. Kxe6 Kc8 41. Kf7 Kb8 42. e6 Kc8 43. e7 Kb8 1-0

[Event "Montreal Mercredi 09"]
[Site "Montreal CAN"]
[Date "2007.09.05"]
[Round "1"]
[White "Teasdale, Alain"]
[Black "Bergeron, Rene"]
[Result "0-1"]
[WhiteElo "1531"]
[BlackElo "1500"]
[PlyCount "76"]
[GameId "2160767910579376"]
[EventDate "2007.09.05"]
[EventType "swiss"]
[EventRounds "5"]
[EventCountry "CAN"]
[SourceTitle "EXT 2022"]
[Source "ChessBase"]
[SourceDate "2021.10.06"]
[SourceVersion "1"]
[SourceVersionDate "2021.10.06"]
[SourceQuality "1"]

1. c4 Nf6 2. Nc3 e6 3. e4 d6 4. d4 Be7 5. f4 b6 6. Nf3 Bb7 7. Bd3 Nc6 8. O-O O-O 9. e5 dxe5 10. fxe5 Nd7 11. Qc2 g6 12. a3 Na5 13. b4 Bxf3 14. Rxf3 Nb7 15. Be4 Rb8 16. Bh6 Re8 17. Bc6 Bf8 18. Be3 Bg7 19. Raf1 Rf8 20. Qa4 Nxe5 21. dxe5 Bxe5 22. Ne4 f5 23. Qxa7 Nd6 24. Bg5 Qc8 25. Nxd6 cxd6 26. b5 Bd4+ 27. Kh1 Rf7 28. Qa4 Kg7 29. Qb4 e5 30. Bd5 Ra7 31. a4 Qc5 32. Qd2 Rxa4 33. Bh6+ Kh8 34. g4 f4 35. Rd3 Be3 36. Qb2 Rxc4 37. Bxc4 Qxc4 38. Qc3 Qe4+ 0-1